| 000 | 00441nam a2200193Ia 4500 | ||
|---|---|---|---|
| 008 | 210210b1952 xxu||||| |||| 00| 0 eng d | ||
| 041 | _aeng | ||
| 082 | _a828/357 | ||
| 100 | _aLAHIRI (B N) | ||
| 245 | _aLeaves from a policemans diary | ||
| 260 |
_aMeerut _bMeenakshi Prakashan., _c1952 |
||
| 650 | _apolicemans | ||
| 650 | _aLeaves | ||
| 650 | _afrom | ||
| 650 | _adiary | ||
| 650 | _aa | ||
| 690 | _aBiography | ||
| 906 | _a016202 | ||
| 999 |
_c135612 _d135612 |
||